000 00624nam a2200193Ia 4500
005 20250508163457.0
008 008 250505s9999 xx 000 0 eng d
037 _aDissertations
040 _aFEDL
_beng
_cFEDL
041 _aeng
_2eng
084 _a371.3, BHA/DI
_qFEDL
100 _aBharti Nutan
_9531101
245 0 _aCritical appraisal of studies in information technology relating to man-machine interface with reference to science teaching
260 _c1992
300 _a90p.
546 _aM.Phil Dissertation, (Delhi University)
942 _cDIS
_h371.3, BHA/DI
999 _c1383549
_d1383549